MARC

LEADER 00000nam0a2200000 4500
001 261289
005 20231031221528.0
035 |a (RuTPU)RU\TPU\book\284265 
090 |a 261289 
100 |a 20140522d1935 k y0rusy50 ca 
101 0 |a rus 
102 |a RU 
105 |a a j 001zy 
200 1 |a Технология азотных удобрений  |e учебное пособие для втузов  |f С. И. Вольфкович [и др.] 
210 |a Москва  |c ОНТИ НКТП  |d 1935 
215 |a 371 с.  |c ил. 
320 |a Предм. указ.: с. 363-368. 
320 |a Библиография в конце глав. 
606 |a Азотные удобрения  |x Производство  |2 stltpush  |3 (RuTPU)RU\TPU\subj\32174 
610 1 |a технология 
610 1 |a учебные пособия 
610 1 |a классификация 
610 1 |a физико-химические свойства 
610 1 |a потребление 
610 1 |a агрохимические свойства 
610 1 |a применение 
675 |a 661  |v 3 
701 1 |a Вольфкович  |b С. И. 
701 1 |a Дубовицкий  |b А. М. 
701 1 |a Крючков  |b Н. И. 
701 1 |a Орлов  |b В. И. 
801 1 |a RU  |b 63413507  |c 20140522 
801 2 |a RU  |b 63413507  |c 20140626  |g RCR 
942 |c BK